| 000 | 00919cam a2200289 i 4500 | ||
|---|---|---|---|
| 999 |
_c200446124 _d64336 |
||
| 001 | 200446124 | ||
| 003 | TR-AnTOB | ||
| 005 | 20220106094700.0 | ||
| 007 | ta | ||
| 008 | 220106s2001 tu ao b 000 0 tur | ||
| 040 |
_aTR-AnTOB _beng _erda _cTR-AnTOB |
||
| 041 | 0 | _atur | |
| 050 | 0 | 0 |
_aND873.T383 _bH38 2001 |
| 090 |
_aND873.T383 _bH38 2001 |
||
| 245 | 0 | 0 |
_aHasan Taşdemir: _cresim sergisi: Türkiye Sergisi Doku Sanat Galerileri 16 Mayıs - 07 Haziran 2001. |
| 264 | 3 |
_aİstanbul : _bOmaş Ofset A.Ş., _c2001. |
|
| 300 |
_a48 pages : _billustrations ; _c28 cm |
||
| 336 |
_atext _btxt _2rdacontent |
||
| 337 |
_aunmediated _bn _2rdamedia |
||
| 338 |
_avolume _bnc _2rdacarrier |
||
| 546 | _aTurkish, English, and French. | ||
| 600 | 1 | 0 |
_aTaşdemir, Hasan, _d1949- _9134911 |
| 650 | 7 |
_aResim _vSergiler _937620 _2etuturkob |
|
| 650 | 0 |
_aRessamlar _zTürkiye _990974 |
|
| 942 |
_2lcc _cBK |
||